Indian Muslims and partition of India/ (Record no. 69246)

MARC details
000 -LEADER
fixed length control field 01682nam a22002657a 4500
005 - DATE AND TIME OF LATEST TRANSACTION
control field 20120823123643.0
010 ## - LCCN (DPL NO)
LC control number B-461477-481
020 ## - INTERNATIONAL STANDARD BOOK NUMBER
International Standard Book Number 8171563740
Terms of availability 825.00
035 ## - SYSTEM CONTROL NUMBER
System control number B-461477-481
037 ## - SOURCE OF ACQUISITION
Stock number dpl
Source of stock number/acquisition Virtuous Pub/Ven
082 ## - DEWEY DECIMAL CLASSIFICATION NUMBER
Classification number 954.0842
100 ## - MAIN ENTRY--PERSONAL NAME
Personal name Ikram, S.M.
245 ## - TITLE STATEMENT
Title Indian Muslims and partition of India/
Statement of responsibility, etc by S.M.Ikram
260 ## - PUBLICATION, DISTRIBUTION, ETC. (IMPRINT)
Place of publication, distribution, etc New Delhi
Name of publisher, distributor, etc Atlantic Publishers
Date of publication, distribution, etc 1992
270 ## - ADDRESS
Address B-2, Vishal Enclave
City New Delhi
Postal code 110027
300 ## - PHYSICAL DESCRIPTION
Extent 533p.
Dimensions 22cm (Hb)
500 ## - GENERAL NOTE
General note It includes bibliographical references and index
942 ## - ADDED ENTRY ELEMENTS (KOHA)
Source of classification or shelving scheme Dewey Decimal Classification
Item type English Books
Call number suffix IKR
Classification part 954.0842
Holdings
Withdrawn status Lost status Not for loan Collection code Home library Current library Date acquired Source of acquisition Cost, normal purchase price Full call number Barcode Copy number Cost, replacement price Koha item type
      Non-fiction Central Library Central Library 24/08/2012 Virtuous Pub/IN937/04.02.2012/28/18.01.2012/10.02.2012 825.00 954.0842 IKR B-461477 1 825.00 English Books
      Non-fiction Karol Bagh Karol Bagh 24/08/2012 Virtuous Pub/IN937/04.02.2012/28/18.01.2012/10.02.2012 825.00 954.0842 IKR B-461480 1 825.00 English Books
      Non-fiction Patel Nagar Patel Nagar 24/08/2012 Virtuous Pub/IN937/04.02.2012/28/18.01.2012/10.02.2012 825.00 954.0842 IKR B-461478 1 825.00 English Books
      Non-fiction Sarojini Nagar Sarojini Nagar 24/08/2012 Virtuous Pub/IN937/04.02.2012/28/18.01.2012/10.02.2012 825.00 954.0842 IKR B-461479 1 825.00 English Books
      Non-fiction Shahdara Branch Shahdara Branch 24/08/2012 Virtuous Pub/IN937/04.02.2012/28/18.01.2012/10.02.2012 825.00 954.0842 IKR B-461481 1 825.00 English Books

© Delhi Public Library
Hit Counter
free hit counter